Graphs and digraphs
সংরক্ষণ করুন:
| প্রধান লেখক: | , , |
|---|---|
| বিন্যাস: | গ্রন্থ |
| ভাষা: | ইংরেজি |
| প্রকাশিত: |
Boca Ratón
CRC Press
2011
|
| সংস্করন: | 5a. ed |
| মালা: | Mathematics
|
| বিষয়গুলি: | |
| ট্যাগগুলো: |
ট্যাগ যুক্ত করুন
কোনো ট্যাগ নেই, প্রথমজন হিসাবে ট্যাগ করুন!
|
MARC
| LEADER | 00000cam a2200000 a 4500 | ||
|---|---|---|---|
| 001 | UCF9098 | ||
| 003 | CL-VaPUC | ||
| 008 | 131025e20110000us |||||||||||||||||eng|d | ||
| 020 | |a 9781439826270 | ||
| 082 | 0 | 4 | |a 511.5 |b CHA |2 21 |
| 100 | 0 | |a Chartrand, Gary |e author |9 571311 | |
| 700 | 0 | |a Lesniak Foster, Linda |e author |9 571312 | |
| 700 | 0 | |a Ping, Zhang |e author |9 571313 | |
| 245 | 1 | 0 | |a Graphs and digraphs |
| 250 | |a 5a. ed | ||
| 300 | |a 586 p | ||
| 942 | |c BK | ||
| 945 | |d 20131025 12:28:00 |a cmena | ||
| 260 | |a Boca Ratón |b CRC Press |c 2011 | ||
| 650 | 7 | |a TEORIA DE GRAFICOS |2 CL-VaPUC |9 265993 | |
| 650 | 0 | |a Funciones (Matemáticas) |9 338128 | |
| 650 | 0 | |a Lógica matemática |9 262442 | |
| 583 | |a last modification |c 20131025 12:28:00 |k Rodrigo Vera | ||
| 490 | 0 | |a Mathematics | |
| 999 | |c 353583 |d 353581 | ||
| 952 | |0 0 |1 0 |3 erd |4 0 |6 511_500000000000000_CHA_2011 |7 0 |8 A |9 458917 |a BIBMAT |b BIBMAT |d 2019-11-23 |i 5024250 |o 511.5 CHA 2011 |p 5024250 |r 2025-01-07 |w 2019-11-23 |y BK |z Catalogado en:20131025 |k MAT | ||